Reinforced concrete (Record no. 39592)

000 -LEADER
fixed length control field 00495nam a2200193 4500
001 - CONTROL NUMBER
control field 39592
003 - CONTROL NUMBER IDENTIFIER
control field BD-DhUET
008 - FIXED-LENGTH DATA ELEMENTS--GENERAL INFORMATION
fixed length control field 161031b xxu||||| |||| 00| 0 eng d
040 ## - CATALOGING SOURCE
Transcribing agency 0
Modifying agency BD-DhUET
082 ## - DEWEY DECIMAL CLASSIFICATION NUMBER
Classification number 624.183
Item number WIG/2016
100 ## - MAIN ENTRY--PERSONAL NAME
Personal name Wight , James K.
245 ## - TITLE STATEMENT
Title Reinforced concrete
Remainder of title mechanics and design
250 ## - EDITION STATEMENT
Edition statement 7th ed.
260 ## - PUBLICATION, DISTRIBUTION, ETC. (IMPRINT)
Place of publication, distribution, etc. New York
Name of publisher, distributor, etc. Pearson education
Date of publication, distribution, etc. 2016
300 ## - PHYSICAL DESCRIPTION
Extent 1164 p.
504 ## - BIBLIOGRAPHY, ETC. NOTE
Bibliography, etc Includes bibliographies
650 #0 - SUBJECT ADDED ENTRY--TOPICAL TERM
Topical term or geographic name as entry element Reinforced concrete
942 ## - ADDED ENTRY ELEMENTS (KOHA)
Koha item type General Book
Holdings
Koha out on loan Shelving location Damaged status Koha item type Koha normalized classification for sorting Not for loan Location (home branch) Piece designation (barcode) Koha issues (times borrowed) Koha date last seen Date acquired Koha full call number Price effective from Source of classification or shelving scheme Copy number Lost status Sublocation or collection (holding branch) Withdrawn status Koha date last borrowed
2022-01-27Circulation section General Book624_183000000000000_WIG_2016 Central Library, BUET11487832021-01-272016-10-31624.183/WIG/20162016-10-31 1 Central Library, BUET 2021-01-27
 Circulation section General Book624_183000000000000_WIG_2016 Central Library, BUET11487962023-05-072016-10-31624.183/WIG/20162016-10-31 2 Central Library, BUET 2023-04-12